| 000 | 00802nam a2200217 i 4500 | ||
|---|---|---|---|
| 001 | 76774 | ||
| 003 | ES-MaACL | ||
| 005 | 20250726063033.0 | ||
| 007 | t| | ||
| 008 | 041005s1935 sp |||| | spa d | ||
| 100 | 1 |
_aGuizot, François, _d1787-1874 _9127641 |
|
| 245 | 1 | 0 |
_aHistoria de la civilización en Europa desde la caída del Imperio romano hasta la Revolución francesa / _cFrançois Pierre-Guillaume Guizot ; traducción del francés por Fernando Vela. |
| 260 |
_aMadrid : _bRevista de Occidente, _c[1935] ( _fGalo Sáez) |
||
| 300 |
_aXV, 321 p. ; _c19 cm. |
||
| 490 | 1 | _aLibros del siglo XIX | |
| 651 | 4 |
_aEuropa- _xCivilización. _98584 |
|
| 700 | 1 |
_aVela, Fernando. _9113674 |
|
| 830 | 1 |
_aLibros del siglo XIX _9183531 |
|
| 852 |
_aES-MaACL _jD-5273 |
||
| 999 |
_c76774 _d76774 |
||